Bezúhonnosť zamestnanca

Bezúhonnosť zamestnanca v súkromnom sektore. Následky požadovania nedovolených informácií. Následky nepravdivého informovania zamestnávateľa. Bezúhonnosť zamestnanca vo verejnej správe. Bezúhonnosť zamestnancov pri výkone práce vo verejnom záujme. Bezúhonnosť ako predpoklad výkonu práce v školstve....

Descrizione completa

Salvato in:
Dettagli Bibliografici
Autore principale: Chorvátová, Janka
Natura: Capitolo di libro
Lingua:slovacco
Soggetti:
Tags: Aggiungi Tag
Nessun Tag, puoi essere il primo ad aggiungerne!!

MARC

LEADER 00000naa a2200000 4500
001 0123357
005 20231109102713.8
041 0 |a slo 
044 |a SK 
245 1 0 |a Bezúhonnosť zamestnanca  |c Janka Chorvátová 
520 |a Bezúhonnosť zamestnanca v súkromnom sektore. Následky požadovania nedovolených informácií. Následky nepravdivého informovania zamestnávateľa. Bezúhonnosť zamestnanca vo verejnej správe. Bezúhonnosť zamestnancov pri výkone práce vo verejnom záujme. Bezúhonnosť ako predpoklad výkonu práce v školstve. Bezúhonnosť zdravotníckych pracovníkov. Informácie o registri trestov. 
610 2 0 |a zamestnanci 
610 2 0 |a zamestnávatelia 
610 2 0 |a práca 
610 2 0 |a prijímanie pracovníkov 
610 2 0 |a legislatíva 
610 2 0 |a zákonník práce 
610 2 0 |a registre 
610 2 0 |a informácie 
610 2 0 |a sektor súkromný 
610 2 0 |a sektor verejný 
100 1 |a Chorvátová, Janka